Seminario Fotografía Contemporánea Antofagasta.
Guardat en:
| Autor principal: | |
|---|---|
| Format: | Llibre |
| Publicat: |
Antofagasta, Chile:
1621 Editores,
2015.
|
| Matèries: | |
| Etiquetes: |
Afegir etiqueta
Sense etiquetes, Sigues el primer a etiquetar aquest registre!
|
MARC
| LEADER | 00000nam a22000007a 4500 | ||
|---|---|---|---|
| 003 | CL-VaPUC | ||
| 005 | 20250321101937.0 | ||
| 008 | 250129t2015 ||||| |||| 00| 0 eng d | ||
| 999 | |c 446928 |d 446926 | ||
| 040 | |c Pontificia Universidad Católica de Valparaíso | ||
| 082 | |a 779 TOR 2015 | ||
| 100 | |a Toro-Goya, Mauricio |e autor |9 550894 | ||
| 245 | |a Seminario Fotografía Contemporánea Antofagasta. | ||
| 260 | |a Antofagasta, Chile: |b 1621 Editores, |c 2015. | ||
| 300 | |a sin numeración: |b fotografías. | ||
| 500 | |a c.1. Instituto Arcos.08-01-2025. | ||
| 511 | |a Profesores del seminario: Andrea Jösch, Jorge Gronemeyer, Luis González Palma, Fernando Montiel Klint y la tutoría de Soledad Aguirre. | ||
| 583 | |c 20250129 |k Gabriela Rodríguez Cuevas | ||
| 650 | 0 | |9 523567 |a Archivos fotográficos |x Fotografías contemporáneas |z Antofagasta, Chile | |
| 942 | |2 ddc |c BK |n 0 | ||
| 952 | |0 0 |1 0 |2 ddc |4 0 |6 779_000000000000000_TOR_2015 |7 0 |9 600112 |a BIBINC |b BIBINC |c GEN |d 2025-01-29 |e Instituto Arcos |i 5664941 |o 779 TOR 2015 |p 5664941 |r 2025-01-29 |t 1 |w 2025-01-29 |y BK |k IFP | ||